LEGO Ninjago: Dragons Rising: The Forbidden Five Minifigures - Statistics

General Stats
  • This quiz has been taken 115 times
  • The average score is 5 of 5
Answer Stats
Picture Answer % Correct
Nokt
95%
Rox
95%
Kur
90%
Drix
87%
Zarkt
86%
No matching quizzes found
Score Distribution
Percent of People with Each Score
Percentile by Number Answered
Your Score History
You have not taken this quiz